000 00445 a2200121 4500
001 ART_9562
005 20260410161836.0
008 260409a
245 1 0 _aEl resultado periódico y el principio de la valuación de costos. Reflexiones sobre un tema polémico
100 1 _aYardin, Amaro Ramón
700 1 _aRodríguez Jauregui, Hugo A.
773 0 _tContabilidad y administración
_g- Año 5, Nº 49 (jul. 1981)
_wREV5485
999 _c23682
_d23682